<?xml version="1.0" encoding="UTF-8"?>
<record
    xmlns:xsi="http://www.w3.org/2001/XMLSchema-instance"
    xsi:schemaLocation="http://www.loc.gov/MARC21/slim http://www.loc.gov/standards/marcxml/schema/MARC21slim.xsd"
    xmlns="http://www.loc.gov/MARC21/slim">

  <leader>01837    a2200277   4500</leader>
  <controlfield tag="003">OSt</controlfield>
  <controlfield tag="005">20180116192358.0</controlfield>
  <controlfield tag="008">120606t        xxu||||| |||| 00| 0 eng d</controlfield>
  <datafield tag="010" ind1=" " ind2=" ">
    <subfield code="a">  2008939689</subfield>
  </datafield>
  <datafield tag="020" ind1=" " ind2=" ">
    <subfield code="a">9780300135855 (hbk.)</subfield>
  </datafield>
  <datafield tag="020" ind1=" " ind2=" ">
    <subfield code="a">0300135858 (hbk.)</subfield>
  </datafield>
  <datafield tag="035" ind1=" " ind2=" ">
    <subfield code="a">(OCoLC)ocn262432359</subfield>
  </datafield>
  <datafield tag="040" ind1=" " ind2=" ">
    <subfield code="c">0</subfield>
  </datafield>
  <datafield tag="082" ind1="0" ind2="4">
    <subfield code="a">712.091732</subfield>
  </datafield>
  <datafield tag="245" ind1="0" ind2="0">
    <subfield code="a">Michael Van Valkenburgh Associates :</subfield>
    <subfield code="b">reconstructing urban landscapes /</subfield>
    <subfield code="c">edited by Anita Berrizbeitia ; foreword by Paul Goldberger.</subfield>
  </datafield>
  <datafield tag="246" ind1="1" ind2="0">
    <subfield code="a">Reconstructing urban landscapes</subfield>
  </datafield>
  <datafield tag="260" ind1=" " ind2=" ">
    <subfield code="a">New Haven, Conn. ;</subfield>
    <subfield code="a">London :</subfield>
    <subfield code="b">Yale University Press,</subfield>
    <subfield code="c">c2009.</subfield>
  </datafield>
  <datafield tag="300" ind1=" " ind2=" ">
    <subfield code="a">320 p. :</subfield>
    <subfield code="b">ill., maps, plans ;</subfield>
    <subfield code="c">29 cm.</subfield>
  </datafield>
  <datafield tag="505" ind1="0" ind2=" ">
    <subfield code="a">Foreword / Paul Goldberger -- MVVA in context / Anita Berrizbeitia -- Mill Race Park: at the threshold / Jane Amidon -- Allegheny Riverfront Park: material, event, sensation / Jane Amidon -- Herman Miller Factory : suburban sublime / Elissa Rosenberg -- Tahari Courtyards: material connections / Linda Pollak -- Alumnae Valley, Wellesley College: redefining the campus landscape / Peter Fergusson -- Teardrop Park: elective affinities / Erik de Jong -- A landscape-based approach to the design of three plazas: Bailey Plaza, Cornell University, Boston Children's Museum, Union Square Park's North End, New York / Rachel Gleeson -- Brooklyn Bridge Park: the complex edge / Ethan Carr -- Metaphor remediation: a new ecology for the city: The High Line competition, Toronto Port Lands competition / Andrew Blum.</subfield>
  </datafield>
  <datafield tag="610" ind1="2" ind2="0">
    <subfield code="a">Michael Van Valkenburgh Associates.</subfield>
    <subfield code="9">3956</subfield>
  </datafield>
  <datafield tag="650" ind1="1" ind2="0">
    <subfield code="a">Urban landscape architecture</subfield>
    <subfield code="z">United States</subfield>
    <subfield code="9">3957</subfield>
  </datafield>
  <datafield tag="700" ind1="1" ind2=" ">
    <subfield code="a">Berrizbeitia, Anita.</subfield>
    <subfield code="9">3958</subfield>
  </datafield>
  <datafield tag="710" ind1="2" ind2=" ">
    <subfield code="a">Michael Van Valkenburgh Associates.</subfield>
    <subfield code="9">3959</subfield>
  </datafield>
  <datafield tag="942" ind1=" " ind2=" ">
    <subfield code="a">SADA</subfield>
    <subfield code="c">BK</subfield>
    <subfield code="k">712.091732 MIC 2009</subfield>
    <subfield code="2">ddc</subfield>
  </datafield>
  <datafield tag="999" ind1=" " ind2=" ">
    <subfield code="c">353180</subfield>
    <subfield code="d">353180</subfield>
  </datafield>
  <datafield tag="952" ind1=" " ind2=" ">
    <subfield code="0">0</subfield>
    <subfield code="1">0</subfield>
    <subfield code="2">ddc</subfield>
    <subfield code="4">0</subfield>
    <subfield code="7">0</subfield>
    <subfield code="a">SADA</subfield>
    <subfield code="b">SADA</subfield>
    <subfield code="d">2011-06-02</subfield>
    <subfield code="l">8</subfield>
    <subfield code="o">712.091732 MIC 2009</subfield>
    <subfield code="p">SADA0001136</subfield>
    <subfield code="r">2014-12-18</subfield>
    <subfield code="s">2014-12-18</subfield>
    <subfield code="v">4550.00</subfield>
    <subfield code="w">2011-08-05</subfield>
    <subfield code="y">BK</subfield>
    <subfield code="k">BOOK</subfield>
  </datafield>
</record>
